00567nam a2200205Ia 450000500170000000800410001702000150005808200130007310000150008624500200010126000480012130000210016965000080019065000120019865000130021065000220022394200060024595200950025199900150034620241016051125.0240331s9999 xx 000 0 und d a9559516906 bCASa821 aChetty,M.C 0aRhyme andreason aColombobSamuha Printers & Publishersc1988 axiv, 184 p .,  aSex aSociety aPolitics aEconomic Policies cL 001040708LaWERCLbWERCLcSSCd2024-03-31l0o 821 CASp3593r2024-03-31w2024-03-31yL c3339d3339